Datum a čas kvízu
21.5
Celkem bodů
Celkový počet nahraných bodů na tomto kvízu bez doplňovacích otázek.
13.
Pořadí na kvízu
Konečné umístění týmu na tomto kvízu.
Zaznamenané odpovědi
| # | Otázka | Odpověď | Body | Výsledky |
|---|---|---|---|---|
| 1. | Minulý týden se publicista a ř... | kvůli alkoholu | 0 | |
| 2. | Mladý chirurg z Tchaj-peje si... | C) vasektomii (sterilizaci) | 0 | |
| 3. | Ministerstvo kultury učinilo d... | C) česká pivní kultura | 1 | |
| 4. | Jistý internetový portál nabíz... | Seznam.cz | 0 | |
| 5. | Minulý týden proběhl v estonsk... | v krasobruslení | 0 | |
| 6. | Začneme největšími společnými... | (Vše)sokolský slet, Spartakiáda | 0.5 | |
| 7. | Tento taneční fitness program... | zumba | 1 | |
| 8. | Tato cvičební metoda se snaží... | Pilates | 0 | |
| 9. | Jógu, přesněji řečeno hatha jó... | ásany | 0 | |
| 10. | Jak se jmenuje tato 55letá žen... | Olga Studničková (Šípková) | 1 |